000
00285nam a22001217a 4500
082
_a
005.74 JAM'S
100
_a
GOLD, JORDON
_9
62298
245
_a
ILLUSTRATED WORDPERFECT 5.0
250
_a
4TH
260
_a
SINGAPORE
_b
TECH PUBLICATIONS
_c
1991
300
_a
VI, 470P
942
_c
BK
999
_c
571448
_d
571448